000 00419nam a2200181Ia 4500
001 4831
005 20260306145823.0
008 260306t2002||||xx |||||||||||||| ||spa||
041 _aESP
082 _a330.9
_bZ58
100 _aZegarra, Luis Felipe
_eAUT
245 0 _aLa economía de la corrupción
260 _c2002
300 _a117 páginas :
_c
650 _aGEN
654 _aCAN
942 _cLIB
_dJUS
_fJUS
_2ddc
_n
999 _c4831
_d4831